000 00939nam a2200229 a 4500
001 000038655
003 DO-SdBNP
005 20240315194914.0
007 ta
008 130417e2012 dr ad fr 001 edspa d
040 _aDO-SdBNP
_bspa
_cBNPHU
082 4 _222
_bM766d
100 1 _aMontás, Juan Temístocles
_d1950-
_979676
245 1 3 _aEl debate contemporáneo :
_beconómía, política y sociedad /
_cJuan Temístocles Montas
260 _aSanto Domingo :
_bAlfa y Omega,
_c2012
300 _a419 p. ;
_bil., gráf.
_c26 cm.
500 _aIncluye datos biográficos del autor en las solapas de las cubiertas.
505 _aPresentación
_tI. El Debate.--
_tII. Los Peligros del Populismo.--
_tIII.- Política Social y Desarrollo.--
_tIV. Política y Lucha en la República Dominicana.--
_tV. América Latina y sus problemas.--
_tVI. Los Desafíos Mundiales.
590 _aInventariado 2023 / MF
910 _aMFeliz
942 _2ddc
_cLBS1
999 _c38145
_d38145